Library of the University of Algiers 3
Ibrahim Sultan Cheibout
شعار جامعة الجزائر 3
مكتبة جامعة الجزائر 3
إبراهيم سلطان شيبوط

العمليات المصرفية : (رقم التسجيلة. 42613)

تفاصيل مارك
000 -LEADER
fixed length control field 01591nam a2200217Ia 4500
003 - CONTROL NUMBER IDENTIFIER
control field Ost
005 - DATE AND TIME OF LATEST TRANSACTION
control field 20260507075048.0
008 - FIXED-LENGTH DATA ELEMENTS--GENERAL INFORMATION
fixed length control field 260507s9999||||xx |||||||||||||| ||und||
020 ## - INTERNATIONAL STANDARD BOOK NUMBER
International Standard Book Number x995711011
040 ## - CATALOGING SOURCE
Transcribing agency fsecg
041 ## - LANGUAGE CODE
Language code of text/sound track or separate title ara
100 ## - MAIN ENTRY--PERSONAL NAME
Personal name عبد الله، خالد أمين
Relator term مؤلف
245 #0 - TITLE STATEMENT
Title العمليات المصرفية :
Remainder of title الطرق المحاسبية الحديثة /
Statement of responsibility, etc. خالد أمين عبد الله
250 ## - EDITION STATEMENT
Edition statement طبعة 5
260 ## - PUBLICATION, DISTRIBUTION, ETC.
Place of publication, distribution, etc. عمان:
Name of publisher, distributor, etc. دار وائل للنشر,
Date of publication, distribution, etc. 2004
300 ## - PHYSICAL DESCRIPTION
Extent 470 صفحة؛
Other physical details إيضاحات ؛
Dimensions 24 سم
504 ## - BIBLIOGRAPHY, ETC. NOTE
Bibliography, etc. note الملاحق ص. 447 ببليوغرافيا: ص.443
520 ## - SUMMARY, ETC.
Summary, etc. مدخل إلى العمل المصرفي-البنوك التجارية-محاسبة قسم الخزينة"الصندوق"-محاسبة قسم الحسابات الجارية-محاسبة قسم الودائع والتوفير-محاسبةقسم الكمبيالات-محاسبة قسم الكفالات المصرفية-محاسبة قسم الاعتمادات المستندية-محاسبة قسم بوالص التحصيل المستندات برسم التحصيل-محاسبة قسم الحوالات والعمليات الخارجية-محاسبة قسم الأوراق المالية-محاسبة قسم الأقراض والتسليف-محاسبة قسم تأجير الخزائن الآمنة-محاسبة قسم المحاسبة العامة-عرض النتائج-الإشراف والرقابة على الجهاز المصرفي
653 ## - INDEX TERM--UNCONTROLLED
Uncontrolled term البنوك- الحسابات المصرفية
942 ## - ADDED ENTRY ELEMENTS (KOHA)
Koha item type كتب
المقتنيات
Withdrawn status Lost status Source of classification or shelving scheme Damaged status Not for loan Home library Current library Date acquired Serial enumeration / chronology Inventory number Total checkouts Full call number Barcode Date last seen Price effective from Koha item type
    Dewey Decimal Classification   NOT LOAN / إعارة داخلية مكتبة كلية العلوم الإقتصادية والعلوم التجارية وعلوم التسيير مكتبة كلية العلوم الإقتصادية والعلوم التجارية وعلوم التسيير 07/05/2026 الطابق الأرضي 471/1   أ/471ن1 471/1 07/05/2026 07/05/2026 كتب
    Dewey Decimal Classification   Available مكتبة كلية العلوم الإقتصادية والعلوم التجارية وعلوم التسيير مكتبة كلية العلوم الإقتصادية والعلوم التجارية وعلوم التسيير 07/05/2026 الطابق الأرضي 471/2   أ/471ن2 471/2 07/05/2026 07/05/2026 كتب
    Dewey Decimal Classification   Available مكتبة كلية العلوم الإقتصادية والعلوم التجارية وعلوم التسيير مكتبة كلية العلوم الإقتصادية والعلوم التجارية وعلوم التسيير 07/05/2026 الطابق الثاني 471/3   أ/471ن3 471/3 07/05/2026 07/05/2026 كتب

موارد الويب المفتوحة


© University of Algiers 3 All Rights Reserved
|
Implemented by LECHELAH Riad